| 000 | 003470000a22000970004500 | ||
|---|---|---|---|
| 100 | 1 | _aMcPake, John | |
| 245 | 1 | 0 | _aJohn McConnachie as the original advocate of the theology of Karl Barth in Scotland : The primacy of revelation |
| 300 | _aVol. 14, Num. 2 (1997), Páginas 101-114 | ||
| 773 | 0 | _tScottish Bulletin of Evangelical Theology | |
| 942 | _cANA | ||
| 999 |
_c55730 _d55730 |
||